5HLuxD.jpg

KING HENRY VIII SENIOR AND PRIMARY SCHOOL LIBRARY OPAC

A golden age / (Record no. 785)

000 -LEADER
fixed length control field 00902pam a2200313 a 4500
001 - CONTROL NUMBER
control field 016010096
003 - CONTROL NUMBER IDENTIFIER
control field Uk
005 - DATE AND TIME OF LATEST TRANSACTION
control field 20191209160643.0
008 - FIXED-LENGTH DATA ELEMENTS--GENERAL INFORMATION
fixed length control field 121011r20122007stk 000 1 eng c
015 ## - NATIONAL BIBLIOGRAPHY NUMBER
National bibliography number GBB204359
Source bnb
016 7# - NATIONAL BIBLIOGRAPHIC AGENCY CONTROL NUMBER
Record control number 016010096
Source Uk
020 ## - INTERNATIONAL STANDARD BOOK NUMBER
International Standard Book Number 9781847679765 (pbk.) :
020 ## - INTERNATIONAL STANDARD BOOK NUMBER
International Standard Book Number 1847679765 (pbk.) :
035 ## - SYSTEM CONTROL NUMBER
System control number (StEdNL)4879946
040 ## - CATALOGING SOURCE
Original cataloging agency StDuBDS
Language of cataloging eng
Transcribing agency StDuBDS
Modifying agency StEdNL
-- Uk
042 ## - AUTHENTICATION CODE
Authentication code ukscp
082 ## - DEWEY DECIMAL CLASSIFICATION NUMBER
Classification number FIC ANA
100 1# - MAIN ENTRY--PERSONAL NAME
Personal name Anam, Tahmima,
Dates associated with a name 1975-
Relator term author
245 12 - TITLE STATEMENT
Title A golden age /
Statement of responsibility, etc. Tahmima Anam.
260 ## - PUBLICATION, DISTRIBUTION, ETC.
Place of publication, distribution, etc. Edinburgh :
Name of publisher, distributor, etc. Canongate,
Date of publication, distribution, etc. 2012, c2007.
300 ## - PHYSICAL DESCRIPTION
Extent 317 p. ;
Dimensions 13 cm.
336 ## - CONTENT TYPE
Content type term text
Source rdacontent
337 ## - MEDIA TYPE
Media type term unmediated
Source rdamedia
338 ## - CARRIER TYPE
Carrier type term volume
Source rdacarrier
500 ## - GENERAL NOTE
General note Originally published: Great Britain: John Murray, 2007.
500 ## - GENERAL NOTE
General note Formerly CIP.
Institution to which field applies Uk
942 ## - ADDED ENTRY ELEMENTS (KOHA)
Source of classification or shelving scheme
Koha item type Books - Fiction
Holdings
Withdrawn status Lost status Source of classification or shelving scheme Damaged status Not for loan Collection code Permanent Location Current Location Shelving location Date acquired Full call number Barcode Date last seen Price effective from Koha item type
          Fiction KH8 Senior School Library KH8 Senior School Library Fiction 2019-12-09 FIC ANA 3KHSL000101540 2024-07-16 2019-12-09 Books - Fiction

Powered By KH8 IT Dept